Pokémon GO: Lowest CP Electric-type Pokémon - Statistics

General Stats
  • This quiz has been taken 29 times
    21 since last reset
  • The average score is 18 of 20
Answer Stats
Max CP Answer % Correct
998 Blitzle
100%
1265 Chinchou
100%
1540 Magnemite
100%
535 Pichu
100%
1060 Pikachu
100%
990 Shinx
100%
917 Tynamo
100%
1141 Voltorb
100%
1141 Voltorb (Hisuian)
100%
1091 Electrike
89%
1364 Elekid
89%
1462 Geodude (Alolan)
89%
1054 Helioptile
89%
1156 Joltik
89%
1680 Luxio
89%
719 Pawmi
78%
1468 Pawmo
78%
1030 Tadbulb
78%
1372 Pachirisu
67%
1120 Mareep
56%
No matching quizzes found
Score Distribution
Percent of People with Each Score
Percentile by Number Answered
Your Score History
You have not taken this quiz since the last reset